000 00571cam a22002051 4500
001 sa 65004284
003 DLC
005 20260227112129.0
008 751124s1963 ii c 000 0 eng
010 _asa 65004284
035 _a(OCoLC)1850937
040 _aDLC
_cF
_dDLC
042 _apremarc
050 0 0 _aBL627
_b.M335 1963
100 0 _aMahesh Yogi,
_cMaharishi.
245 1 4 _aThe science of being and art of living.
260 _aNew Delhi,
_aNew York,
_bAllied Publishers
_c[1963]
300 _axvi, 365 p.
_bport.
_c22 cm.
650 0 _aReligious life
_xHinduism.
999 _c63656
_d63656